000 00609nam a22001937a 4500
003 KOHA_MİRAKIL
005 20260323103638.0
008 260323b tu ||||| |||| 00| 0 tur d
020 _a9786052954157
040 _aTR-AnABB
_btur
_cTR-AnABB
041 _atur
082 _a923.2
_bBOZ 2018
100 1 _aBozkurt, İsmail
245 1 0 _aBeştulum'dan Zirköy'e :
_bbir Kıbrıs çocukluğu ve ilkgençliği 1940-1963 /
_cİsmail Bozkurt
260 _aİstanbul :
_bTürkiye İş Bankası ,
_c2018
300 _a484 sayfa ;
_c20 cm
650 0 4 _aOtobiyografi, devlet adamları
942 _2ddc
_cBK
999 _c9991
_d9991
900 _bCan ÇELIK